000 00681nam a2200241Ia 4500
003 OSt
005 20220923225309.0
006 a|||||r|||| 00| 0
007 ta
008 220922b |||||||| |||| 00| 0 hin d
024 _a262,212
037 _cTextual
040 _aARTS
_cARTS
_bhin
041 _2hin
_ahin
082 _aO152,1J32,16, [M0]
100 _aतुलसीदास
_9156277
245 0 _aवरवा रामायण
246 _aVaravā rāmāyaṇa
260 _c1980
650 _aहिन्दी साहित्य
_9156264
942 _hO152,1J32,16, [M0]
_cTEXL
_2CC
999 _c377317
_d377317